000 00584nam a2200181 i 4500
001 45577
003 ES-MaACL
005 20230906161236.0
007 t|
008 030326s1960 sp ||||1| spa d
100 1 _aCollar, Gervasio.
_939673
245 1 0 _aInforme ante la Junta General de Accionistas celebrada el día 23 de abril de 1960 /
_cpor Gervasio Collar.
260 _a[Bilbao :
_bEléxpuru,
_c1960]
300 _a79 p., 9 lám., 1 gráf. pleg.
500 _aPrecede al tít.: Banco de Bilbao.
710 2 _aBanco de Bilbao.
_92097
852 _aES-MaACL
_jC-18882
_bR.46086
999 _c45577
_d45577